Interactions 2 A speaking Activities book

में बचाया:
ग्रंथसूची विवरण
मुख्य लेखक: Poole, Deborah
अन्य लेखक: Thrush, Emily Austin
स्वरूप: पुस्तक
भाषा:English
प्रकाशित: New York McGraw - Hill, Inc. 1987
विषय:
टैग : टैग जोड़ें
कोई टैग नहीं, इस रिकॉर्ड को टैग करने वाले पहले व्यक्ति बनें!
Thư viện lưu trữ: Trung tâm Học liệu Lê Vũ Hùng, Trường Đại học Đồng Tháp
LEADER 00846pam a22002658a 4500
001 00025832
005 20171026081023.0
008 110811s1987 ||||||engsd
020 # # |a 0 07 553807 5 
041 0 # |a eng 
082 1 4 |a 428  |b I300N 
100 1 # |a Poole, Deborah 
245 1 0 |a Interactions 2  |b A speaking Activities book  |c Deborah Poole, Emily Austin Thrush 
260 # # |a New York  |b McGraw - Hill, Inc.  |c 1987 
300 # # |a vii, 124 p.  |b ill.  |c 24 cm. 
650 # 4 |a Tiếng anh 
653 # # |a Luyện đọc 
700 1 # |a Thrush, Emily Austin 
852 # # |b Kho giáo trình  |j KGT.0027539, KGT.0027540, KGT.0027541, KGT.0027542 
852 # # |b Kho mượn  |j KGT.0027539 
852 # # |j KGT.0027539 
910 0 # |d 11/08/2011 
980 # # |a Trung tâm Học liệu Lê Vũ Hùng, Trường Đại học Đồng Tháp